حيد ر ا با د ميں ا ر د و صحا فت 1857ء سے 1959 ء تک (Record no. 170404)

MARC details
000 -LEADER
fixed length control field 00653nam a22001937a 4500
005 - DATE AND TIME OF LATEST TRANSACTION
control field 20191213170551.0
010 ## - LCCN (DPL NO)
LC control number A-26125
020 ## - INTERNATIONAL STANDARD BOOK NUMBER
Terms of availability 32.00
International Standard Book Number -
035 ## - SYSTEM CONTROL NUMBER
System control number A-26125
037 ## - SOURCE OF ACQUISITION
Source of stock number/acquisition BPPD
082 ## - DEWEY DECIMAL CLASSIFICATION NUMBER
Classification number 070.95435
100 ## - MAIN ENTRY--PERSONAL NAME
Personal name طيب ا نصا ر ی
245 ## - TITLE STATEMENT
Title حيد ر ا با د ميں ا ر د و صحا فت 1857ء سے 1959 ء تک
Statement of responsibility, etc طيب ا نصا ر ی
246 ## - VARYING FORM OF TITLE
Title proper/short title Hyderabad mein Urdu Sahafat 1857-1959 (Urdu)
Remainder of title by Tayyeb Ansari
260 ## - PUBLICATION, DISTRIBUTION, ETC. (IMPRINT)
Place of publication, distribution, etc Hyderabad
Date of publication, distribution, etc 1980 ء
Name of publisher, distributor, etc Idara-e-Adabiat Urdu
270 ## - ADDRESS
Address Punja Gatta
City Hyderabad
Telephone number -
Postal code 500004
300 ## - PHYSICAL DESCRIPTION
Extent 235 ص
Dimensions 22 cm(hb)
942 ## - ADDED ENTRY ELEMENTS (KOHA)
Source of classification or shelving scheme Dewey Decimal Classification
Item type Urdu Bks
Classification part 070.95435
Call number suffix ا ن ص
Holdings
Withdrawn status Lost status Not for loan Collection code Home library Current library Date acquired Source of acquisition Cost, normal purchase price Full call number Barcode Copy number Cost, replacement price Koha item type
      Non-fiction Central Library Central Library 13/12/2019 BPPD/Ven. 32.00 070.95435 ا ن ص A-26125 1 32.00 Urdu Bks

© Delhi Public Library
Hit Counter
free hit counter